Patent collateral investor commitment, and the market for venture lending (Record no. 361263)
[ view plain ]
| 000 -LEADER | |
|---|---|
| fixed length control field | 00817nam a22002417a 4500 |
| 003 - CONTROL NUMBER IDENTIFIER | |
| control field | SISC |
| 005 - DATE AND TIME OF LATEST TRANSACTION | |
| control field | 20190212093444.0 |
| 008 - FIXED-LENGTH DATA ELEMENTS--GENERAL INFORMATION | |
| fixed length control field | 190126b xxu||||| |||| 00| 0 eng d |
| 022 ## - INTERNATIONAL STANDARD SERIAL NUMBER | |
| International Standard Serial Number | 0304-405X |
| 100 ## - MAIN ENTRY--PERSONAL NAME | |
| Relator code | Hochberg, Yael ; Serrano, Carlos ; Ziedonis, Rosemarie |
| 9 (RLIN) | 1 |
| 245 ## - TITLE STATEMENT | |
| Title | Patent collateral investor commitment, and the market for venture lending |
| Statement of responsibility, etc | Hochberg, Yael ; Serrano, Carlos ; Ziedonis, Rosemarie |
| 260 ## - PUBLICATION, DISTRIBUTION, ETC. (IMPRINT) | |
| Place of publication, distribution, etc | Amsterdam |
| Name of publisher, distributor, etc | Elsevier |
| Date of publication, distribution, etc | 2018 |
| 300 ## - PHYSICAL DESCRIPTION | |
| Extent | pages 74 - 94 |
| 440 ## - SERIES STATEMENT/ADDED ENTRY--TITLE | |
| Title | Journal of Financial Economics |
| Volume number/sequential designation | 130 (1) |
| 600 ## - SUBJECT ADDED ENTRY--PERSONAL NAME | |
| Source of heading or term | Hochberg, Yael ; Serrano, Carlos ; Ziedonis, Rosemarie |
| 9 (RLIN) | 1 |
| 650 ## - SUBJECT ADDED ENTRY--TOPICAL TERM | |
| Source of heading or term | venture debt |
| 9 (RLIN) | 1 |
| 650 ## - SUBJECT ADDED ENTRY--TOPICAL TERM | |
| Source of heading or term | venture capital |
| 9 (RLIN) | 1 |
| 690 ## - LOCAL SUBJECT ADDED ENTRY--TOPICAL TERM (OCLC, RLIN) | |
| General subdivision | venture debt |
| 690 ## - LOCAL SUBJECT ADDED ENTRY--TOPICAL TERM (OCLC, RLIN) | |
| General subdivision | venture capital |
| 690 ## - LOCAL SUBJECT ADDED ENTRY--TOPICAL TERM (OCLC, RLIN) | |
| General subdivision | collateral assets |
| 690 ## - LOCAL SUBJECT ADDED ENTRY--TOPICAL TERM (OCLC, RLIN) | |
| General subdivision | patents |
| 942 ## - ADDED ENTRY ELEMENTS (KOHA) | |
| Source of classification or shelving scheme | Library of Congress Classification |
| Item type | Periodicals |
| Withdrawn status | Lost status | Source of classification or shelving scheme | Damaged status | Home library | Current library | Date acquired | Total Checkouts | Date last seen | Price effective from | Koha item type |
|---|---|---|---|---|---|---|---|---|---|---|
| Library of Congress Classification | College Library | College Library | 02/12/2019 | 02/12/2019 | 02/12/2019 | Periodicals |